| 000 | 00730nam a22001937a 4500 | ||
|---|---|---|---|
| 999 |
_c147309 _d147309 |
||
| 005 | 20230607170421.0 | ||
| 010 | _aUR-9915 | ||
| 020 |
_a9789383353101 _c200.00 |
||
| 035 | _aU-8470 | ||
| 037 | _bDBAD/PUB | ||
| 082 | _aک | ||
| 100 | _aا نجم عثما نی | ||
| 245 |
_aچند ن کی کہا نیا ن / _cا نجم عثما نی |
||
| 246 |
_bChandan Ki Kahanian / _aby Anjum Usmani |
||
| 260 |
_aNew Delhi _bGhalib Academy _c2017 |
||
| 270 |
_aBasti Hazrat Nizamuddin,New Delhi, _bDelhi _e110013 _k- _l- |
||
| 300 |
_a208 ص _c22cm(Hb) |
||
| 942 |
_2ddc _cUR _hک _mا ن ج _e |
||